|
|
|
|
| LEADER |
00000nam a2200000 a 4500 |
| 001 |
UCI8855 |
| 003 |
CL-VaPUC |
| 008 |
081009e20030000CL |||||||||||||||||spa|d |
| 082 |
0 |
4 |
|a 621.3192
|b SUP
|2 21
|
| 110 |
2 |
|
|a Superintendencia de Electricidad y Combustibles
|e author
|9 532507
|
| 245 |
1 |
0 |
|a NCh Elec 4-2003: Electricidad, instalaciones de consumo en baja tensión
|
| 300 |
|
|
|a 223 p
|
| 942 |
|
|
|c BK
|
| 945 |
|
|
|d 20081009 00:00:00
|a rbrito
|
| 260 |
|
|
|a Santiago
|b SEC
|c 2003
|
| 650 |
|
7 |
|a INSTALACIONES ELECTRICAS
|2 CL-VaPUC
|9 262736
|
| 650 |
|
7 |
|a DISTRIBUCION DE ELECTRICIDAD
|2 CL-VaPUC
|9 532508
|
| 650 |
|
7 |
|a TABLEROS ELECTRICOS
|2 CL-VaPUC
|9 532509
|
| 650 |
|
7 |
|a CANALIZACION
|2 CL-VaPUC
|9 532510
|
| 583 |
|
|
|a last modification
|c 20081009 00:00:00
|k Rodrigo Vera
|
| 999 |
|
|
|c 331621
|d 331619
|